[Event "Otago Queen's Birthday op"]
[Site "Dunedin"]
[Date "2006.06.04"]
[Round "3"]
[White "Mckerras, Ross"]
[Black "Nyberg, Michael"]
[Result "0-1"]
[WhiteElo "2026"]
[BlackElo "1970"]
[PlyCount "90"]
[EventDate "2006.06.03"]
[EventType "swiss"]
[EventRounds "6"]
[EventCountry "NZL"]
[SourceTitle "EXT 2018"]
[Source "ChessBase"]
[SourceDate "2017.10.13"]
[SourceVersion "1"]
[SourceVersionDate "2017.10.13"]
[SourceQuality "1"]

1. e4 c6 2. d4 d5 3. e5 Bf5 4. Nc3 e6 5. Nf3 Nd7 6. Ne2 Qb6 7. Ng3 Bg4 8. c3 c5 9. Be2 Ne7 10. h3 Bxf3 11. Bxf3 Nc6 12. Ne2 cxd4 13. cxd4 Bb4+ 14. Kf1 Rc8 15. Be3 Ne7 16. a3 Nf5 17. axb4 Nxe3+ 18. fxe3 Qxb4 19. Rb1 0-0 20. Qe1 Qb5 21. Kg1 Nb6 22. Nc3 Qd3 23. Kh2 f6 24. exf6 Rxf6 25. Qe2 Qg6 26. e4 dxe4 27. Qxe4 Qg5 28. Qe5 Qh6 29. Rhe1 Nc4 30. Qe2 Qf4+ 31. Kh1 Qxd4 32. Rbd1 Qb6 33. Nd5 exd5 34. Bxd5+ Kh8 35. Bxc4 Rf2 36. Qe6 Qc5 37. Rd7 Qg5 38. Bd5 Rcf8 39. Bf3 Qg3 40. Qe5 Rf1+ 41. Rxf1 Qxe5 42. Rxb7 a5 43. Rd1 Rc8 44. b3 h5 45. Rd5 Rc1+ 0-1

[Event "Queenstown op"]
[Site "Queenstown"]
[Date "2006.01.15"]
[Round "1"]
[White "Mckerras, Ross"]
[Black "Hecht, Hans Joachim"]
[Result "0-1"]
[WhiteElo "2052"]
[BlackElo "2388"]
[PlyCount "70"]
[EventDate "2006.01.15"]
[EventType "swiss"]
[EventRounds "10"]
[EventCountry "NZL"]
[SourceTitle "CBM 110 Extra"]
[Source "ChessBase"]
[SourceDate "2006.03.10"]
[SourceVersion "2"]
[SourceVersionDate "2006.03.10"]
[SourceQuality "1"]

1. e4 e5 2. Nc3 Nc6 3. Bc4 Nf6 4. d3 Bc5 5. f4 d6 6. Nf3 Na5 7. fxe5 dxe5 8. Bxf7+ Kxf7 9. Nxe5+ Kg8 10. Qe2 Qe7 11. Nf3 Bg4 12. Bg5 Qe6 13. 0-0-0 Nc6 14. h3 Bxf3 15. gxf3 Nd4 16. Qg2 h6 17. Bxf6 Qxf6 18. h4 Qxf3 19. Qg6 Qf7 20. Qg2 Kh7 21. h5 Rhf8 22. Rdf1 Qe6 23. Nd5 Bd6 24. Kb1 c6 25. Ne3 Bf4 26. Rhg1 Bg5 27. c3 Rxf1+ 28. Nxf1 Nb5 29. Ng3 Rf8 30. Nf5 Nd6 31. Nd4 Qe5 32. Qh3 Rf2 33. Nf3 Qb5 34. Nxg5+ hxg5 35. b3 Qa5 0-1